Coordination hospitalière de retour au travail (COHRAT) au cœur d’un écosystème régional implantée au sein de l’Institut de cancérologie de l’Ouest (notice n° 1825079)

détails MARC
000 -LEADER
fixed length control field 03741cam a2200421 4500500
005 - DATE AND TIME OF LATEST TRANSACTION
control field 20260329003510.0
041 ## - LANGUAGE CODE
Language code of text/sound track or separate title fre
042 ## - AUTHENTICATION CODE
Authentication code dc
100 10 - MAIN ENTRY--PERSONAL NAME
Personal name Porro, Bertrand
Relator term author
245 00 - TITLE STATEMENT
Title Coordination hospitalière de retour au travail (COHRAT) au cœur d’un écosystème régional implantée au sein de l’Institut de cancérologie de l’Ouest
260 ## - PUBLICATION, DISTRIBUTION, ETC.
Date of publication, distribution, etc. 2026.<br/>
500 ## - GENERAL NOTE
General note 94
520 ## - SUMMARY, ETC.
Summary, etc. L’amélioration de la survie après le diagnostic d’un cancer rend crucial le soutien au retour durable au travail, en particulier pour les salariés du secteur privé, plus exposés au risque de désinsertion professionnelle. Pour répondre à ce besoin, l’Institut de cancérologie de l’Ouest a développé une coordination hospitalière innovante proposant un accompagnement individualisé, initié au sein du parcours de soins et articulé avec la médecine de ville, la santé au travail et l’entreprise. Fondé sur la théorie et les preuves, le dispositif combine évaluation clinique, coordination interprofessionnelle et outils standardisés destinés aux patients et aux acteurs professionnels. Inscrit dans un réseau territorial structuré en Pays de la Loire, ce dispositif vise à sécuriser les trajectoires de reprise du travail et à prévenir la désinsertion professionnelle de l’après-cancer. Une étude pilote en cours, auprès de femmes traitées pour un cancer du sein non métastatique, permettra d’en préciser l’efficacité et les conditions de déploiement. Le programme fait également l’objet d’adaptations pour d’autres types de cancers et pour les aidants.
520 ## - SUMMARY, ETC.
Summary, etc. Improved survival following a cancer diagnosis makes it crucial that a sustainable return to work is supported, particularly for employees in the private sector, who are at higher risk of occupational disengagement. To address this need, the Institut de Cancérologie de l’Ouest has developed an innovative hospital-based coordination programme offering individualised support, initiated within the care pathway and integrated with primary care, occupational health services and the workplace. Grounded in theory and evidence, the programme combines clinical assessment, interprofessional coordination, and standardised tools for both patients and professional stakeholders. Embedded within a structured regional network in the Pays de la Loire, the initiative aims to secure return-to-work pathways and prevent post-cancer occupational exclusion. An ongoing pilot study involving women treated for non-metastatic breast cancer will evaluate the programme’s effectiveness and implementation conditions. The programme is also being adapted for other cancer types and for caregivers.
690 ## - LOCAL SUBJECT ADDED ENTRY--TOPICAL TERM (OCLC, RLIN)
Topical term or geographic name as entry element cancer
690 ## - LOCAL SUBJECT ADDED ENTRY--TOPICAL TERM (OCLC, RLIN)
Topical term or geographic name as entry element coordination
690 ## - LOCAL SUBJECT ADDED ENTRY--TOPICAL TERM (OCLC, RLIN)
Topical term or geographic name as entry element intervention
690 ## - LOCAL SUBJECT ADDED ENTRY--TOPICAL TERM (OCLC, RLIN)
Topical term or geographic name as entry element retour au travail
690 ## - LOCAL SUBJECT ADDED ENTRY--TOPICAL TERM (OCLC, RLIN)
Topical term or geographic name as entry element cancer
690 ## - LOCAL SUBJECT ADDED ENTRY--TOPICAL TERM (OCLC, RLIN)
Topical term or geographic name as entry element coordination
690 ## - LOCAL SUBJECT ADDED ENTRY--TOPICAL TERM (OCLC, RLIN)
Topical term or geographic name as entry element intervention
690 ## - LOCAL SUBJECT ADDED ENTRY--TOPICAL TERM (OCLC, RLIN)
Topical term or geographic name as entry element return-to-work
700 10 - ADDED ENTRY--PERSONAL NAME
Personal name Campone, Mario
Relator term author
700 10 - ADDED ENTRY--PERSONAL NAME
Personal name Joalland, Viviane
Relator term author
700 10 - ADDED ENTRY--PERSONAL NAME
Personal name Thomas, Céline
Relator term author
700 10 - ADDED ENTRY--PERSONAL NAME
Personal name Bazille, Anne-Sophie
Relator term author
700 10 - ADDED ENTRY--PERSONAL NAME
Personal name Montaigne, Hélène
Relator term author
700 10 - ADDED ENTRY--PERSONAL NAME
Personal name Chambre-Clavel, Béatrice
Relator term author
700 10 - ADDED ENTRY--PERSONAL NAME
Personal name Hiret, Sandrine
Relator term author
700 10 - ADDED ENTRY--PERSONAL NAME
Personal name Dumas, Laurence
Relator term author
700 10 - ADDED ENTRY--PERSONAL NAME
Personal name Delva, Rémy
Relator term author
700 10 - ADDED ENTRY--PERSONAL NAME
Personal name Branchereau, Marion
Relator term author
700 10 - ADDED ENTRY--PERSONAL NAME
Personal name Petit, Audrey
Relator term author
700 10 - ADDED ENTRY--PERSONAL NAME
Personal name Blanc-Onfroy, Magali Le
Relator term author
700 10 - ADDED ENTRY--PERSONAL NAME
Personal name Roquelaure, Yves
Relator term author
786 0# - DATA SOURCE ENTRY
Note Innovations & Thérapeutiques en Oncologie | Volume 12 | 1 | 2026-02-24 | p. 38-44 | 2431-3203
856 41 - ELECTRONIC LOCATION AND ACCESS
Uniform Resource Identifier <a href="https://stm.cairn.info/revue-innovations-therapeutiques-en-oncologie-2026-1-page-38?lang=fr&redirect-ssocas=7080">https://stm.cairn.info/revue-innovations-therapeutiques-en-oncologie-2026-1-page-38?lang=fr&redirect-ssocas=7080</a>

Pas d'exemplaire disponible.

PLUDOC

PLUDOC est la plateforme unique et centralisée de gestion des bibliothèques physiques et numériques de Guinée administré par le CEDUST. Elle est la plus grande base de données de ressources documentaires pour les Étudiants, Enseignants chercheurs et Chercheurs de Guinée.

Adresse

627 919 101/664 919 101

25 boulevard du commerce
Kaloum, Conakry, Guinée

Réseaux sociaux

Powered by Netsen Group @ 2025